| 000 | 00468nam a2200157 a 4500 | ||
|---|---|---|---|
| 001 | 000024494 | ||
| 005 | 20200930023212.0 | ||
| 008 | 110128s1970 ko r 000 0 spa d | ||
| 040 |
_aDO-SdBNP _bspa _cBNPHU |
||
| 082 |
_axxxxx _bM234s |
||
| 245 | 0 | 0 |
_aMajor speeches by korea´s park Chung Hee / _ccompilador Shin Bum Shik. |
| 260 |
_aSeul, Corea : _bHollym Corporation, _c1970. |
||
| 300 |
_axiv, 383 p. ; _c23 cm. |
||
| 700 | 1 |
_aShin Bum, Shik, _950199 |
|
| 049 | _aBNGR | ||
| 999 |
_c23987 _d23987 |
||